Quiz Musique et Rock (#Queen) - Statistiques

Statistiques générales
  • Ce quiz a été pris 712 fois
  • Le résultat moyen est 16 sur 30
Statistiques - réponses
Indice Réponse % Correct
Pays d'origine Royaume-Uni
93%
Titre le plus connu mélangeant opéra et rock Bohemian Rhapsody
86%
Freddie Mercury est mort du... SIDA
84%
Ville d'origine Londres
78%
Guitariste Brian May
74%
Date du dernier album 1991
70%
Date du décès de Freddie Mercury 1991
70%
Date de création du groupe 1970
68%
Date du premier album 1973
68%
Titre réalisé en collaboration avec David Bowie en 1981 Under Pressure
65%
Nombre d'albums studio 15
64%
Nom du premier Album Queen
64%
Tube de l'album News of the World (1977) We Will Rock You / We are the Champions
59%
Batteur Roger Taylor
58%
Bassiste John Deacon
55%
Concert à Wembley de 1985 Live Aid
55%
Tube de l'album The Works (1984) Radio Ga Ga / I Want to Break Free / Hammer to Fall
53%
Tube de l'album Jazz (1978) Don't Stop Me Now / Fat Bottomed Girls / Bicycle Race
52%
Album dans lequel figure ce titre (1975) A Night at the Opera
49%
Single de l'album Sheer Heart Attack (1974) Killer Queen
48%
Groupe d'origine Smile
41%
Tube de l'album The Game (1980) Crazy Little Thing Called Love / Another One Bites the Dust
38%
Tube de l'album The Miracle (1989) I Want It All / Breakthru / The Invisible Man / Scandal / The Miracle
38%
Date d'entrée au Rock & Roll Hall of Fame 2001
34%
Nom du dernier album Innuendo
34%
Film de 1986 dont l'album A Kind of Magic fait partie de la BO Highlander
28%
Queen fait la BO du film ... en 1980 Flash Gordon
27%
Single de leur 1er album Keep Yourself Alive
25%
Album funk au succès mitigé sorti en 1982 Hot Space
23%
Nombres d'albums vendus 6 000 000
4%
Aucun quiz correspondant
Distribution des résultats
% des personnes avec chaque résultat
Percentile par nombre de réponses
Votre historique - résultats
Vous n’avez pas pris ce quiz